000 00550nam a2200157Ia 4500
005 20240606001843.0
008 240331s9999 xx 000 0 und d
020 _a9789554597044
082 _bSEN
_a362
100 _aSenanayake, J.
245 2 _aA sociological exploration of disappearances in Sri Lanka
260 _aHomg Kong
_bAsia Human Rights Commission
_c2014
300 _axv,341 p.,
500 _aThis Study explores the impact of the ruling elite's political project through the experiences of 87 relatives of the disappeared.
942 _cL
999 _c5852
_d5852